Entremes famoso de La Infanta Palancona : (Record no. 137045)

MARC details
000 -CABECERA
campo de control de longitud fija 03106cam a2200505 i 4500
001 - NÚMERO DE CONTROL
campo de control 991061718033006706
003 - IDENTIFICADOR DEL NÚMERO DE CONTROL
campo de control ES-BaIT
005 - FECHA Y HORA DE LA ÚLTIMA TRANSACCIÓN
campo de control 20260331135321.0
008 - DATOS DE LONGITUD FIJA--INFORMACIÓN GENERAL
campo de control de longitud fija 960922q17001799sp 000 d spa c
040 ## - FUENTE DE LA CATALOGACIÓN
Centro catalogador/agencia de origen ES-BaIT
Lengua de catalogación cat
Normas de descripción rda
Centro/agencia transcriptor ES-BaIT
080 ## - NÚMERO DE LA CLASIFICACIÓN DECIMAL UNIVERSAL
Número de la Clasificación Decimal Universal 860-2"17"
100 1# - ENTRADA PRINCIPAL--NOMBRE DE PERSONA
Nombre de persona Persio Bertiso, Félix
Término indicativo de función/relación autor
9 (RLIN) 168432
245 10 - MENCIÓN DE TÍTULO
Título Entremes famoso de La Infanta Palancona :
Resto del título en forma de comedia, con primera, segunda y tercera jornadas
246 3# - FORMA VARIANTE DE TÍTULO
Título propio/Titulo breve La Infanta Palancona
264 #1 - PRODUCCIÓN, PUBLICACIÓN, DISTRIBUCIÓN, FABRICACIÓN Y COPYRIGHT
Producción, publicación, distribución, fabricación y copyright [Lloc de publicació no identificat] :
Nombre del de productor, editor, distribuidor, fabricante [editor no identificat],
Fecha de producción, publicación, distribución, fabricación o copyright [entre 1700 i 1799]
300 ## - DESCRIPCIÓN FÍSICA
Extensión 24 pàgines ;
Dimensiones 8º (14 cm)
336 ## - TIPO DE CONTENIDO
Término de tipo de contenido text
Código de tipo de contenido txt
Fuente rdacontent
337 ## - TIPO DE MEDIO
Nombre/término del tipo de medio sense mediació
Código del tipo de medio n
Fuente rdamedia
338 ## - TIPO DE SOPORTE
Nombre/término del tipo de soporte volum
Código del tipo de soporte nc
Fuente rdacarrier
500 ## - NOTA GENERAL
Nota general Autor obtingut del Catálogo de La Barrera
500 ## - NOTA GENERAL
Nota general Data aproximada d'impressió deduïda de la tipografia
500 ## - NOTA GENERAL
Nota general Existeix un article molt documentat de Rodríguez Marín, a la "Revista de Archivos, Bibliotecas y Museos", 1908 - 1a. part- pàgina 69 que demostra l'existència de l'autor, que no és pseudònim de Quevedo
500 ## - NOTA GENERAL
Nota general Signatura: A12
500 ## - NOTA GENERAL
Nota general P7: D1, H6
530 ## - NOTA DISPONIBLE DE FORMULARIO FÍSICO ADICIONAL
Nota de formato físico adicional disponible Reproducció digital disponible a Biblioescènic
593 00 - Camps col·lecció exemplar
Signatura topogràfica i/o núm. de registre VIT-059/02
Notes Enquadernació holandesa amb puntes, en color blau, guardes marbrejades. Exemplar guillotinat. Etiqueta d'antic topogràfic Vitrina A Estante 2 en full de guarda volant anterior. Relligat en volum factici, títol al llom: Entremeses raros VI
Història de l’exemplar. Procedència Ex-libris de la Colección teatral Arturo Sedó a la contracoberta anterior. Segell de la Colección teatral Arturo Sedó a portada. Llistat manuscrit al full de guarda anterior de les obres que conté el volum
Digitalització Exemplar digitalitzat per Crossland, 2022
Nom de la col·lecció especial Artur Sedó
593 00 - Camps col·lecció exemplar
Signatura topogràfica i/o núm. de registre VIT-084/01
Notes Relligat en volum factici.
Digitalització Exemplar digitalitzat per Crossland.
Nom de la col·lecció especial Artur Sedó
593 00 - Camps col·lecció exemplar
Notes holand. granate. Procedència: Col·lecció Joaquín Montaner
593 00 - Camps col·lecció exemplar
Notes holand. marrón (Entrem. VIII-Fdez. Guerra)
655 #7 - TÉRMINO DE INDIZACIÓN--GÉNERO/FORMA
Datos o término principal de género/forma Entremesos castellans
Subdivisión cronológica S. XVIII
Fuente del término lemac
9 (RLIN) 168430
730 0# - ENTRADA AGREGADA--TÍTULO UNIFORME
Título uniforme Col·lecció digital Biblioescènic del MAE
856 41 - LOCALIZACIÓN Y ACCESO ELECTRÓNICOS
Nota pública Accés lliure (Biblioescènic)
Especificación de materiales Exemplar VIT-084/01
Identificador Uniforme del Recurso <a href="https://books.cdmae.cat/visorpdf/?recurs=SV0084-01">https://books.cdmae.cat/visorpdf/?recurs=SV0084-01</a>
856 41 - LOCALIZACIÓN Y ACCESO ELECTRÓNICOS
Nota pública Accés lliure (Biblioescènic)
Especificación de materiales Exemplar VIT-059/02
Identificador Uniforme del Recurso <a href="https://books.cdmae.cat/visorpdf/?recurs=SV0059-02">https://books.cdmae.cat/visorpdf/?recurs=SV0059-02</a>
856 41 - LOCALIZACIÓN Y ACCESO ELECTRÓNICOS
Nota pública Accés lliure (Biblioteca Digital Hispánica)
Identificador Uniforme del Recurso <a href="https://bnedigital.bne.es/bd/card?id=2ad3bfa6-17ae-4dd5-afb1-63007b4f1bf2">https://bnedigital.bne.es/bd/card?id=2ad3bfa6-17ae-4dd5-afb1-63007b4f1bf2</a>
856 41 - LOCALIZACIÓN Y ACCESO ELECTRÓNICOS
Nota pública Accés lliure (BVMC)
Identificador Uniforme del Recurso <a href="https://www.cervantesvirtual.com/obra/entremes-famoso-de-la-infanta-palancona/">https://www.cervantesvirtual.com/obra/entremes-famoso-de-la-infanta-palancona/</a>
856 42 - LOCALIZACIÓN Y ACCESO ELECTRÓNICOS
Especificación de materiales Fitxa del catàleg manual
Identificador Uniforme del Recurso <a href="http://www.cdmae.cat/sedo/imgtitulos/036/P0000394.gif">http://www.cdmae.cat/sedo/imgtitulos/036/P0000394.gif</a>
856 42 - LOCALIZACIÓN Y ACCESO ELECTRÓNICOS
Especificación de materiales Fitxa del catàleg manual
Identificador Uniforme del Recurso <a href="http://www.cdmae.cat/sedo/imgtitulos/036/P0000395.gif">http://www.cdmae.cat/sedo/imgtitulos/036/P0000395.gif</a>
856 42 - LOCALIZACIÓN Y ACCESO ELECTRÓNICOS
Especificación de materiales Fitxa del catàleg manual
Identificador Uniforme del Recurso <a href="http://www.cdmae.cat/sedo/imgtitulos/036/P0000396.gif">http://www.cdmae.cat/sedo/imgtitulos/036/P0000396.gif</a>
902 ## - ELEMENTOS DE DATOS B LOCAL, LDB (RLIN)
a Patrimoni
902 ## - ELEMENTOS DE DATOS B LOCAL, LDB (RLIN)
a Fons antic
908 ## - COLOCAR PARÁMETRO DE COMANDO (RLIN)
Colocar parámetro de comando CDMAE
940 ## - EQUIVALENCIA O REFERENCIA-CRUZADA--TÍTULO UNIFORME [OBSOLETO] [solamente CAN/MARC]
Título uniforme <a href="CDMAE">CDMAE</a>
942 ## - ELEMENTOS DE ENTRADA AGREGADA (KOHA)
Fuente del sistema de clasificación o colocación Clasificación decimal universal
Tipo de ítem Koha Digital
Holdings
Estado de retiro Estado de pérdida Fuente del sistema de clasificación o colocación Estado dañado No para préstamo Código de colección Localización permanente Ubicación/localización actual Ubicación en estantería Fecha de adquisición Fuente de adquisición Información codificada de la localización en otra ubicación Total de préstamos Signatura topográfica completa Código de barras Fecha visto por última vez Número de copia Precio válido a partir de Tipo de ítem Koha
    Clasificación decimal universal   Exclòs de préstec Artur Sedó Biblioteca Barcelona Biblioteca Barcelona BCN Magatzem Sedó Vitrina 25/05/2020 Reconversió 10012   VIT-059/02 1000059025 25/05/2020 1 11/08/2021 Antiquària
    Clasificación decimal universal   Exclòs de préstec Artur Sedó Biblioteca Barcelona Biblioteca Barcelona BCN Magatzem Sedó Vitrina 01/12/2022 Reconversió     VIT-084/01 1000084015 01/12/2022   01/12/2022 Antiquària

Powered by Koha